La escultura colonial mexicana (Record no. 9986)

MARC details
000 -CABECERA
campo de control de longitud fija 00876nam a2200265 a 4500
001 - NÚMERO DE CONTROL
campo de control BRL_1174
005 - FECHA Y HORA DE LA ÚLTIMA TRANSACCIÓN
campo de control 20190320211052.0
008 - DATOS DE LONGITUD FIJA--INFORMACIÓN GENERAL
campo de control de longitud fija 211113s1942----mx-a######---#000-0#spa-#
041 ## - CÓDIGO DE LENGUA
Código de lengua del texto/banda sonora o título independiente spa
044 ## - CÓDIGO DEL PAÍS DE LA ENTIDAD EDITORA/PRODUCTORA
Código MARC del país mx
050 #4 - SIGNATURA TOPOGRÁFICA DE LA BIBLIOTECA DEL CONGRESO
Número de clasificación NB253
Número de documento/Ítem .M67 1942
100 1# - ENTRADA PRINCIPAL--NOMBRE DE PERSONA
Nombre de persona Moreno Villa, José
9 (RLIN) 10083
245 10 - MENCIÓN DE TÍTULO
Título La escultura colonial mexicana
Mención de responsabilidad, etc. José Moreno Villa.
260 ## - PUBLICACIÓN, DISTRIBUCIÓN, ETC.
Lugar de publicación, distribución, etc. México
Nombre del editor, distribuidor, etc. El Colegio de México : Fondo de Cultura Económica
Fecha de publicación, distribución, etc. 1942
300 ## - DESCRIPCIÓN FÍSICA
Extensión 110 p.
Otras características físicas il., 138 láminas
Dimensiones 23 cm.
500 ## - NOTA GENERAL
Nota general Au1349
500 ## - NOTA GENERAL
Nota general Estado físico: encuadernado, febrero 2014
500 ## - NOTA GENERAL
Nota general Estado físico: encuadernado y restaurado, noviembre 2015
500 ## - NOTA GENERAL
Nota general Incluye índice de lugares y autores.
504 ## - NOTA DE BIBLIOGRAFÍA, ETC.
Nota de bibliografía, etc. Bibliografía: p. 85-87
650 14 - PUNTO DE ACCESO ADICIONAL DE MATERIA--TÉRMINO DE MATERIA
Término de materia o nombre geográfico como elemento de entrada Escultura colonial
Subdivisión geográfica México
9 (RLIN) 4085
650 14 - PUNTO DE ACCESO ADICIONAL DE MATERIA--TÉRMINO DE MATERIA
Término de materia o nombre geográfico como elemento de entrada Arte y simbolísmo cristianos
Subdivisión geográfica México
9 (RLIN) 1839
902 ## - CATALOGADOR
Iniciales GRL
942 ## - ELEMENTOS DE PUNTO DE ACCESO ADICIONAL (KOHA)
Fuente del sistema de clasificación o colocación Library of Congress Classification
Tipo de ítem Koha Libros
Holdings
Estado de retiro Estado de pérdida Estado dañado No para préstamo Localización permanente Ubicación/localización actual Fecha de adquisición Número de inventario Total de préstamos Signatura topográfica completa Código de barras Fecha visto por última vez Precio válido a partir de Tipo de ítem Koha
El ejemplar forma parte de la colección y puede ser consultado según las políticas vigentes.       Biblioteca Centro de Estudios Ruth D. Lechuga Biblioteca Centro de Estudios Ruth D. Lechuga 21/11/2013 Au1349   NB253 .M67 1942 (Au1349) GRL01291 22/03/2019 22/03/2019 Libros